| 000 | 00998nac a22002897a 4500 | ||
|---|---|---|---|
| 001 | BR5900164 | ||
| 003 | BR-BrBNA | ||
| 005 | 20240105112940.0 | ||
| 008 | 230509b bl.|||m| |||| 00| 0 por d | ||
| 040 |
_aBR-BrBNA _bpor _cBiblioteca Nacional de Agricultura |
||
| 072 | _aF25 | ||
| 090 | _a3810 BR5900164 | ||
| 100 | 1 | _aSampaio, J. de V. | |
| 110 | 1 |
_aInstituto Agronomico do Leste, Cruz das Almas, BA (Brasil) _95624 |
|
| 111 | 1 |
_a7. Congresso Brasileiro de Ciencia do Solo _cPiracicaba, SP (Brazil) _d1959 |
|
| 245 | 1 | _aRetensao de adubos potassicos em solo barro arenoso [Analise do solo] | |
| 260 | 3 |
_aCruz das Almas, BA (Brasil): _c1959. |
|
| 300 | _ap. 27-34 | ||
| 490 |
_aBoletim Tecnico - Instituto Agronomico do Leste (Brazil) _vv. 5(1) _x |
||
| 500 | _a15 ref.; Summary (Pt) | ||
| 650 | _aFERTILIDADE DO SOLO | ||
| 650 | _aFERTILIZANTE POTASSICO | ||
| 650 | _aANALISE DO SOLO | ||
| 650 | _aSOLO | ||
| 909 |
_a202312 _bLúcia Elande _c55 _dLúcia Elande |
||
| 942 |
_2AGRIS _n0 _cMS |
||
| 999 |
_c261080 _d261080 |
||